<?xml version="1.0" encoding="UTF-8"?>
<collection xmlns="http://www.loc.gov/MARC21/slim">
 <record>
  <leader>00742cam a2200205 7i4500</leader>
  <controlfield tag="001">0000010654</controlfield>
  <controlfield tag="005">20061129090000.0</controlfield>
  <controlfield tag="008">821028s1983    nyua          10000 eng</controlfield>
  <datafield tag="010" ind1="#" ind2="#">
   <subfield code="a">82022028</subfield>
  </datafield>
  <datafield tag="020" ind1="0" ind2="0">
   <subfield code="a">0824718992 (pbk.) </subfield>
  </datafield>
  <datafield tag="090" ind1="0" ind2="0">
   <subfield code="a">QA 251.3 </subfield>
   <subfield code="b">C66</subfield>
  </datafield>
  <datafield tag="245" ind1="0" ind2="0">
   <subfield code="a">Commutative algebra : </subfield>
   <subfield code="b">proceedings of the Trento conference  </subfield>
   <subfield code="c">edited by Silvio Greco, Giuseppe Valla.</subfield>
  </datafield>
  <datafield tag="260" ind1="0" ind2="0">
   <subfield code="a">New York: </subfield>
   <subfield code="b">M. Dekker, </subfield>
   <subfield code="c">1983.</subfield>
  </datafield>
  <datafield tag="300" ind1="#" ind2="#">
   <subfield code="a">viii, 351 p.: </subfield>
   <subfield code="b">ill.; </subfield>
   <subfield code="c">26 cm..</subfield>
  </datafield>
  <datafield tag="490" ind1="0" ind2="0">
   <subfield code="a">Lecture notes in pure and applied mathematics; </subfield>
   <subfield code="v">v. 84</subfield>
  </datafield>
  <datafield tag="650" ind1="0" ind2="0">
   <subfield code="a">Commutative algebra -- </subfield>
   <subfield code="x">Congresses </subfield>
  </datafield>
  <datafield tag="650" ind1="0" ind2="0">
   <subfield code="a">Geometry, Algebraic -- </subfield>
   <subfield code="x">Congresses </subfield>
  </datafield>
  <datafield tag="700" ind1="1" ind2="1">
   <subfield code="a">Valla, </subfield>
   <subfield code="h">Giuseppe </subfield>
  </datafield>
  <datafield tag="700" ind1="1" ind2="1">
   <subfield code="a">Greco, </subfield>
   <subfield code="h">Silvio </subfield>
  </datafield>
  <datafield tag="999" ind1=" " ind2=" ">
   <subfield code="a">1000399960</subfield>
   <subfield code="b">Book</subfield>
   <subfield code="c">Open Shelf</subfield>
   <subfield code="e">KOLEKSI TERBUKA</subfield>
  </datafield>
 </record>
</collection>
